000 00552nam a22001932 4500
001 0000009088
005 20151217152048.0
008 080901s xx 000 0 eng d
020 _cDonation
040 _aKABU
_cKABU
110 2 _aKabarak University.
_@0000159713
245 1 0 _aBIBL 120 New Testament survey /
_cKabarak University.
260 _aKabarak :
_bKABU,
_c[2007]
300 _a107 leaves.
650 0 _aBible. N. T.
_xIntroductions.
_@0000160089
908 _a080901
950 _@1
999 _c7775
_d7775